00469nam a22001577a 4500003000400000082001700004100001800021245004600039260004400085300000800129650001900137653001900156942001200175952010700187999001700294SGT a617.69bR23G aGarg, Tanisha aRehabilitation of mandibulectomy patients aGurugram, HaryanabSGT Universityc2023 a127 aProsthodontics aProsthodontics 2ddccTH 00102ddc4071aFDbFDd2024-01-15iSGTUl0o617.69 R23GpDT1755r2024-01-15 00:00:00w2024-01-15yTH c25603d25603